000 00385nam a2200145Ia 4500
005 20260326235501.0
008 260326s9999||||xx |||||||||||||| ||und||
100 _aCarbonell, Galaor
245 0 _aEladio Dieste :
_b La Estructura cerámica /
_cGalaor Carbonell
260 _bEscala
300 _a286 p.
440 _aCOLECCIÓN SOMOSUR - TOMO 1
650 _aARQUITECTOS
942 _cBK
999 _c8081
_d8081